000
00182 a2200097 4500
001
126824
040
_c
Escola Canadense de Niteroi
090
_a
MP
245
1
0
_a
Bingo
942
_c
MATP
999
_c
126824
_d
126824